000 00820nam a22002057a 4500
999 _c56990
_d56990
003 Ge_BSU
005 20190923112636.0
008 190923s2018 ge ||||| |||| 00| 0 geo d
020 _a9789941226892
041 _ageo
080 _a821.353.1-1 ს-90
100 _aსტურუა, რეზო
_970
245 _aდღეები, თეთრი მარგალიტები : [ლექსები] [წ.] 1 /
_cრეზო სტურუა ; რედ : თემურ ჯაგოდნიშვილი .
264 _aთბილისი :
_bუნივერსალი,
_c2016.
300 _a308 გვ .:
_c15 სმ.
653 _aპოეზია
653 _aლექსები
700 _aჯაგოდნიშვილი , თემურ
_971
942 _2udc
_cBK